000 00872nam a2200277Ia 4500
003 OSt
005 20220925173904.0
006 a|||||r|||| 00| 0
007 ta
008 220923b |||||||| |||| 00| 0 eng d
020 _a963 05 1188 6
037 _cGeneral Book
040 _aRTL
_cRTL
_beng
041 _2eng
_aeng
082 _aX:533, L7
100 _aSimai Mihaly Ed.
_9245232
245 0 _aEconomic integration
_b Concepts, theories and prob
260 _aBudapest
_bAkademiai Kiado
_c1977
300 _a423p.
_ccm.
500 _aSelection from papers contributed to the Fourth World Congress of Economics held in Budapest, Aug 1974
650 _a Free Trade
650 _aEconomics
700 _a Garam Katalin Ed.
_9245233
942 _hX:533, L7
_cGB
_2CC
999 _c489286
_d489286